Les stations du métro parisien - Statistiques

Statistiques générales
  • Ce quiz a été pris 41 fois
  • Le résultat moyen est 142 sur 321
Statistiques - réponses
Stations du métro de Paris % Correct
Châtelet
82%
Charles de Gaulle- Etoile
77%
Gare d'Austerlitz
77%
Gare de l'Est
77%
Gare du Nord
77%
République
77%
Concorde
73%
Gare de Lyon
73%
Hôtel de Ville
73%
La Défense
73%
Montparnasse- Bienvenue
73%
Nation
73%
Pigalle
73%
Saint-Lazare
73%
Anvers
68%
Barbès - Rochechouart
68%
Bastille
68%
Belleville
68%
Bercy
68%
Denfert-Rochereau
68%
Les Halles
68%
Odéon
68%
Opéra
68%
Place d'Italie
68%
Trocadéro
68%
Arts et Métiers
64%
Avron
64%
Cité
64%
Invalides
64%
Ménilmontant
64%
Oberkampf
64%
Père Lachaise
64%
Porte des Lilas
64%
Tuileries
64%
Voltaire
64%
Alexandre Dumas
59%
Balard
59%
Bourse
59%
Champs-Élysées - Clemenceau
59%
Havre-Caumartin
59%
La Chapelle
59%
Louvre- Rivoli
59%
Place de Clichy
59%
Pont de Sèvres
59%
Porte de Bagnolet
59%
Porte de Clignancourt
59%
Porte de Saint-Cloud
59%
Porte de Vincennes
59%
Quai de la Râpée
59%
Saint-Michel
59%
Stalingrad
59%
Abbesses
55%
Bir-Hakeim
55%
Cambronne
55%
Château de Vincennes
55%
Daumesnil
55%
Edgar Quinet
55%
Gallieni
55%
Gambetta
55%
George V
55%
Glacière
55%
Jaurès
55%
Madeleine
55%
Mairie de Montreuil
55%
Monceau
55%
Parmentier
55%
Passy
55%
Philippe Auguste
55%
Porte Dauphine
55%
Porte de Montreuil
55%
Porte d'Orléans
55%
Porte Maillot
55%
Raspail
55%
Richard- Lenoir
55%
Rome
55%
Saint-Jacques
55%
Saint-Paul
55%
Victor Hugo
55%
Wagram
55%
Argentine
50%
Blanche
50%
Cluny- La Sorbonne
50%
Colonel Fabien
50%
Corvisart
50%
Couronnes
50%
Esplanade de la Défense
50%
Exelmans
50%
Franklin D.Roosevelt
50%
Grands Boulevards
50%
Iéna
50%
Jacques Bonsergent
50%
La Motte- Picquet- Grenelle
50%
Les Sablons
50%
Mairie d'Aubervilliers
50%
Palais-Royal- Musée du Louvre
50%
Pasteur
50%
Pereire
50%
Picpus
50%
Pont- Neuf
50%
Porte de Champerret
50%
Porte de Pantin
50%
Porte de Versailles
50%
Porte Dorée
50%
Pyramides
50%
Réaumur- Sebastopol
50%
Reuilly- Diderot
50%
Saint-Sulpice
50%
Sentier
50%
Tolbiac
50%
Alma-Marceau
45%
Anatole France
45%
Assemblée nationale
45%
Bel-Air
45%
Bérault
45%
Bonne-Nouvelle
45%
Buzenval
45%
Charonne
45%
Château Rouge
45%
Chemin Vert
45%
Commerce
45%
Courcelles
45%
Dugommier
45%
Faidherbe - Chaligny
45%
Félix Faure
45%
Filles du Calvaire
45%
Gaîté
45%
Jussieu
45%
Mairie de Saint-Ouen
45%
Mairie des Lilas
45%
Mairie d'Issy
45%
Malesherbes
45%
Maraîchers
45%
Miromesnil
45%
Ourcq
45%
Place des Fêtes
45%
Pont de Neuilly
45%
Porte de Clichy
45%
Porte d'Ivry
45%
Pyrénées
45%
Quatre- Septembre
45%
Ranelagh
45%
Richelieu- Drouot
45%
Rue des Boulets
45%
Rue du Bac
45%
Saint-Ambroise
45%
Saint-Mandé
45%
Saint-Marcel
45%
Saint-Placide
45%
Sèvres- Lecourbe
45%
Strasbourg-Saint-Denis
45%
Vaugirard
45%
Vavin
45%
Villiers
45%
Aimé Césaire
41%
Billancourt
41%
Boissière
41%
Bréguet-Sabin
41%
Campo-Formio
41%
Chaussée d'Antin- La Fayette
41%
Chevaleret
41%
Corentin Celton
41%
Créteil - Préfecture
41%
Créteil- Université
41%
Croix de Chavaux
41%
Dupleix
41%
Duroc
41%
Ecole Militaire
41%
Église de Pantin
41%
Etienne Marcel
41%
Europe
41%
Jasmin
41%
Jourdain
41%
Kléber
41%
Le Kremlin-Bicêtre
41%
Les Gobelins
41%
Louis Blanc
41%
Louise Michel
41%
Lourmel
41%
Mairie de Montrouge
41%
Mairie d'Ivry
41%
Marcel Sembat
41%
Michel Ange- Auteuil
41%
Notre-Dame-de-Lorette
41%
Olympiades
41%
Pont Cardinet
41%
Porte de Charenton
41%
Porte de la Chapelle
41%
Porte d'Italie
41%
Rambuteau
41%
Robespierre
41%
Rue de la Pompe
41%
Rue Saint-Maur
41%
Saint-Augustin
41%
Saint-Germain-des-Prés
41%
Saint-Ouen
41%
Saint-Philippe-du-Roule
41%
Serge Gainsbourg
41%
Temple
41%
Ternes
41%
Aéroport d'Orly
36%
Avenue Emile-Zola
36%
Bagneux - Lucie Aubrac
36%
Bibliothèque François-Mitterrand
36%
Bobigny - Pablo Picasso
36%
Boucicaut
36%
Boulogne - Jean Jaurès
36%
Buttes Chaumont
36%
Cardinal Lemoine
36%
Censier - Daubenton
36%
Chardon-Lagache
36%
Château d'Eau
36%
Châtillon - Montrouge
36%
Convention
36%
Corentin Cariou
36%
Créteil - L'Échat
36%
École vétérinaire de Maisons-Alfort
36%
Église d'Auteuil
36%
Goncourt
36%
Javel - André Citroën
36%
Jules Joffrin
36%
La Fourche
36%
La Muette
36%
La Tour-Maubourg
36%
Ledru-Rollin
36%
Liberté
36%
Mabillon
36%
Maison Blanche
36%
Maubert - Mutualité
36%
Michel Ange-Molitor
36%
Michel Bizot
36%
Mirabeau
36%
Montgallet
36%
Nationale
36%
Notre-Dame-des-Champs
36%
Pierre et Marie Curie
36%
Plaisance
36%
Pont Marie
36%
Porte d'Auteuil
36%
Porte de Choisy
36%
Porte de Saint-Ouen
36%
Porte de Vanves
36%
Pré-Saint-Gervais
36%
Saint-Denis-Université
36%
Saint-Georges
36%
Saint-Sébastien-Froissart
36%
Ségur
36%
Sèvres- Babylone
36%
Solférino
36%
Sully-Morland
36%
Télégraphe
36%
Varenne
36%
Villejuif - Louis Aragon
36%
Alésia
32%
Aubervilliers - Pantin - Quatre Chemins
32%
Barbara
32%
Basilique de Saint-Denis
32%
Bobigny - Pantin - Raymond Queneau
32%
Bolivar
32%
Boulogne - Pont de Saint-Cloud
32%
Cadet
32%
Charenton - Écoles
32%
Charles Michels
32%
Château- Landon
32%
Cour Saint-Emilion
32%
Crimée
32%
Falguière
32%
Front populaire
32%
Guy Moquet
32%
La Courneuve - 8 Mai 1945
32%
Lamarck - Caulaincourt
32%
Laumière
32%
Les Courtilles
32%
Liège
32%
Mairie de Clichy
32%
Maisons-Alfort - Les Juilliottes
32%
Maisons-Alfort - Stade
32%
Malakoff - Plateau de Vanves
32%
Malakoff - Rue Étienne-Dolet
32%
Marcadet - Poissonniers
32%
Marx Dormoy
32%
Pelleport
32%
Pernety
32%
Pointe du Lac
32%
Poissonière
32%
Pont de Levallois - Bécon
32%
Porte de la Villette
32%
Quai de la Gare
32%
Rennes
32%
Riquet
32%
Rosny-Bois-Perrier
32%
Saint-Denis-Pleyel
32%
Saint-Denis-Porte de Paris
32%
Saint-Fargeau
32%
Saint-François-Xavier
32%
Vaneau
32%
Villejuif - Léo Lagrange
32%
Volontaires
32%
Botzaris
27%
Brochant
27%
Fort d'Aubervilliers
27%
Gabriel Péri
27%
Garibaldi
27%
Hoche
27%
La Dhuys
27%
Le Peletier
27%
Les Agnettes
27%
L'Haÿ-les-Roses
27%
Montreuil - Hôpital
27%
Mouton- Duvernet
27%
Simplon
27%
Villejuif - Gustave Roussy
27%
Villejuif - Paul Vaillant-Couturier
27%
Carrefour Pleyel
23%
Chevilly- Larue
23%
Coteaux Beauclair
23%
Danube
23%
Romainville- Carnot
23%
Thiais- Orly
23%
Trinité - d'Estienne d'Orves
23%
Plage Monge
14%
Hôtel Bicêtre
9%
Aucun quiz correspondant
Distribution des résultats
% des personnes avec chaque résultat
Percentile par nombre de réponses
Votre historique - résultats
Vous n’avez pas pris ce quiz